| 000 | 00388nam a2200145Ia 4500 | ||
|---|---|---|---|
| 008 | 240624s9999 xx 000 0 und d | ||
| 041 | _aeng | ||
| 082 | _a658.8 SRI | ||
| 100 | _aSRINIVASAN R | ||
| 245 | _aCASE STUDIES IN MARKETING THE INDIAN CON | ||
| 250 | _a(4th ed.) | ||
| 260 |
_c2009 _aNew Delhi _bPrentice-Hall of India |
||
| 300 | _axvi, : 352 : p. : cm. ; 24 | ||
| 365 |
_cRS _b30 |
||
| 999 |
_c15154 _d15154 |
||